000 00590nam a2200181 a 4500
005 20140412111304.0
008 010419s19uu xx 00 eng d
020 _a0-88743-420-7
050 _aTR(PS E
_bNi55 1992
100 _aGregorich, Barbara
245 _aNicole digs a hole /
_cstory by Barbara Gregorich; illustrations Nan Books; coloring Gail L. Suess.
260 _a[s.l.] :
_bSchool Zone Publishing Comp,
_c1992.
300 _a31p. ; ill.
440 _aSchool Zone, level 2 (ages 4-7)
650 _aReading-study and teaching
650 _aChildren stories
999 _c103559
_d103559